The leadership

Bibliographic Details
Main Author: Anderson, Mark
Format: Book
Published: UK : Pearson Education Ltd , 2010
Subjects:

MARC

LEADER 00000cam a2200000 7i4500
001 0000047528
005 20150518.0
008 150518
020 |a 9780273732044 
090 0 0 |a 658.4092   |b AND 
100 1 |a Anderson, Mark 
245 1 4 |a The leadership   |c Mark Anderson 
260 |a UK :   |b Pearson Education Ltd ,   |c 2010 
650 0 |a Leadership   |x Handbook, manual, etc 
999 |a 0001349055   |b Book   |c Adult Collection   |e Perbadanan Perpustakaan Awam Johor